| 000 | 00772nam a2200265 a 4500 | ||
|---|---|---|---|
| 008 | |||
| 020 | _a0070518149 (cased) | ||
| 049 | _aMAIN | ||
| 090 | 0 | 0 |
_aTH2101 _bRAM |
| 100 | 1 | _aRamsey, Dan. | |
| 245 | 1 | 0 |
_aBuilder's guide to foundations & floor framing / _cDan Ramsey. |
| 246 | 3 | _aBuilder's guide to foundations and floor framing. | |
| 260 |
_aNew York : _bMcGraw-Hill, _cc1995. |
||
| 300 |
_ax, 294 p. : _bill. ; _c24 cm. |
||
| 440 | 1 | _aBuilders guide series. | |
| 500 | _aIncludes index. | ||
| 650 | 0 | _aFoundations. | |
| 650 | 0 | _aFloors. | |
| 830 | 0 | _aBuilder's guide series. | |
| 907 |
_a.b10121511 _b23-04-12 _c11-05-04 |
||
| 003 | |||
| 005 | 20230123133713.0 | ||
| 040 | _cNUST | ||
| 942 |
_cBOOKS _kTH2101 _mRAM |
||
| 999 |
_c153192 _d153192 |
||